000 01033nam a2200241 i 4500
001 34230
003 ES-MaACL
005 20250401170947.0
007 t|
008 030204s1952 sp ||||1| spa d
100 1 _aBogue, Robert Herman.
_929811
245 1 3 _aLa Química del cemento Portland /
_cpor Robert Herman Bogue ; versión española por Manuel Benítez Ramírez.
260 _aMadrid :
_bDossat,
_c1952 (
_fNuevas Gráficas)
300 _aXVI, 642 p. :
_b1 retr. aut., il. ;
_c25 cm.
510 _aCCPB,
_c000772085-8
650 7 _9159152
_aCemento Portland-
_xProducción
_zEspaña-
700 1 _aBenítez Ramírez, Manuel.
_927646
852 _aES-MaACL
_jD-6420
_bR.32747
_bR.M. 6015
_935491
_cSVI
_fSello en tinta azul de la Biblioteca del Ateneo de Madrid
_xEncuadernación en tela azul
_zEn hoja de guarda: "Donativo"
942 _2udc
_cMONOGRAFIA
999 _c34230
_d34230